Long Words - Statistics

General Stats
  • This quiz has been taken 10 times
  • The average score is 1 of 40
Answer Stats
Hint Answer % Correct
A - 28 letters Antidisestablishmentarianism
90%
A - 17 letters Anthropologically
10%
A - 16 letters Acknowledgements
0%
A - 15 letters Aerodynamically
0%
A - 14 letters Aeronautically
0%
A - 14 letters Alphabetically
0%
A - 20 letters Anthropomorphization
0%
A - 26 letters Antidisestablishmentarians
0%
A - 14 letters Arachnophobias
0%
A - 18 letters Autothaumaturgists
0%
B - 19 letters Ballistocardiograph
0%
B - 21 letters Ballistocardiographic
0%
B - 23 letters Ballistocardiographical
0%
B - 25 letters Ballistocardiographically
0%
B - 20 letters Ballistocardiography
0%
B - 11 letters Barbiturate
0%
B - 12 letters Barbiturates
0%
B - 13 letters Bureaucracies
0%
B - 12 letters Bureaucratic
0%
B - 16 letters Bureaucratically
0%
C - 15 letters Catastrophizing
0%
C - 18 letters Chronomentrophobia
0%
C - 18 letters Claustrophobically
0%
C - 15 letters Commemoratively
0%
C - 17 letters Commercialization
0%
C - 19 letters Constitutionalities
0%
C - 20 letters Counterdemonstrating
0%
C - 21 letters Counterdemonstrations
0%
C - 20 letters Counterintelligences
0%
C - 20 letters Counterrevolutionary
0%
Decembers
0%
Decentralizations
0%
Dehydrations
0%
Deinstitutionalization
0%
Deinstitutionalizations
0%
Deinstitutionalized
0%
Disenfranchisement
0%
Disintermediations
0%
Disproportionableness
0%
Disproportionablenesses
0%
No matching quizzes found
Score Distribution
Percent of People with Each Score
Percentile by Number Answered
Your Score History
You have not taken this quiz